Anormalidades en el niño normal: introducción general a la psicología infantil

Zapisane w:
Opis bibliograficzny
1. autor: Valentine, C. W (Autor)
Format: Książka
Język:hiszpański
Wydane: Buenos Aires Paidós 1966
Seria:Biblioteca de psicología evolutiva, 4
Hasła przedmiotowe:
Etykiety: Dodaj etykietę
Nie ma etykietki, Dołącz pierwszą etykiete!

MARC

LEADER 00000nam a2200000 a 4500
001 UCY5680
003 CL-VaPUC
008 950512e19660606AG |||||||||||||||||spa|d
082 0 4 |a 155.4  |b VAL  |2 21 
100 0 |a Valentine, C. W  |e author  |9 334751 
245 1 0 |a Anormalidades en el niño normal: introducción general a la psicología infantil 
300 |a 310 p 
942 |c BK 
945 |d 19950512 00:00:00  |a mfernand 
260 |a Buenos Aires  |b Paidós  |c 1966 
650 0 |a Psicología del niño  |9 307305 
650 7 |a HABITOS  |2 CL-VaPUC  |9 311931 
650 0 |a Trastornos emocionales   |9 307307 
650 7 |a JUEGO  |2 CL-VaPUC  |9 311404 
650 0 |a Desarrollo afectivo  |9 334359 
650 7 |a MADUREZ AFECTIVA  |2 CL-VaPUC  |9 334735 
650 7 |a EGOCENTRISMO  |2 CL-VaPUC  |9 334698 
650 0 |a Ira  |9 317589 
650 7 |a COMPLEJO DE INFERIORIDAD  |2 CL-VaPUC  |9 334752 
650 0 |a Emociones   |9 265224 
650 7 |a RISA  |2 CL-VaPUC  |9 334753 
650 7 |a PSICOLOGIA AFECTIVA  |2 CL-VaPUC  |9 334754 
650 7 |a RELACIONES PADRES-HIJOS  |2 CL-VaPUC  |9 308185 
650 0 |a Sexo  |9 257818 
650 0 |a Educación sexual  |9 308005 
650 0 |a Miedo   |9 307306 
650 0 |a Motivación   |9 315362 
650 0 |a Aprendizaje   |9 254827 
650 7 |a DESARROLLO MORAL  |2 CL-VaPUC  |9 310605 
650 0 |a Inteligencia  |9 267038 
650 0 |a Comportamiento social  |9 334200 
650 0 |a Pruebas psicológicas  |9 307459 
650 0 |a Adolescentes  |9 308058 
650 0 |a Psicología del adolescente   |9 307864 
583 |a last modification  |c 19950512 00:00:00  |k Rodrigo Vera 
490 0 |a Biblioteca de psicología evolutiva, 4 
999 |c 233308  |d 233306 
952 |0 0  |1 0  |4 0  |6 155_400000000000000_VAL_1966  |7 0  |8 P  |9 238735  |a BIBEDU  |b BIBEDU  |c BIBEDU_PB  |d 2019-11-18  |i 1505025  |o 155.4 VAL 1966  |p 1505025  |r 2024-01-25  |w 2019-11-18  |y BK  |k EDU